000
00322nam a22001457a 4500
020
_a
81-85680-88-4
041
_a
ENG
100
_a
Singh.D.K
245
_a
HI-Tech Horticulture
250
_a
1st
260
_a
Udaipur
_b
Agrotech Publshing Academy
_c
2004
300
_a
672
650
_a
Horticulture
856
_u
M.Tech ( 7 )
999
_c
1075
_d
1075